000 01091nam a2200337 i 4500
001 67349
003 ES-MaACL
005 20260616174857.0
007 t|
008 040520s2003 sp ||||0| spa d
020 _a84-8191-519-X
040 _aM-BN
_bspa
_cM-BN
080 _a929 Wordsworth, William
080 _a929 Southey, Robert
080 _a929 Coleridge, Samuel Taylor
080 _a821.111-4"18"
100 1 _aDe Quincey, Thomas.
_943071
245 1 0 _aMemoria de los poetas de los lagos /
_cThomas De Quincey ; selección, traducción y notas de Jordi Doce.
250 _a1ª ed.
260 _aValencia :
_bPre-Textos,
_c2003.
300 _a381 p. ;
_c20 cm.
490 1 _aPre-textos ;
_v608.
_aNarrativa clásicos
_78, 18
600 1 4 _aWordsworth, William,
_d1770-1850
_9117367
600 1 4 _aSouthey, Robert.
_9107588
600 1 4 _aColeridge, Samuel Taylor.
_939581
700 1 _aDoce, Jordi.
_944954
830 0 _aPre-textos ;
_v608.
_aNarrativa clásicos
_78, 18
_9184237
852 _aES-MaACL
_jL-27582
_bR.133098
999 _c67349
_d67349